[Event "HCL-C150"]
[Site "www.playchess.de"]
[Date "2001.02.27"]
[Round "21"]
[White "uneek"]
[Black "soymilk"]
[WhiteElo "1212"]
[BlackElo "1172"]
[PlyCount "83"]
[Result "1-0"]

1.d4 e6 2.e4 d5 3.Nc3 Bb4 4.Bd2 dxe4 5.Nce2 {Good 
lord, that was close!  I will have to wake up 
here!}  Bxd2+ {Heehee, too bad for me you woke up! 
:)}  6.Qxd2 {My wife was yacking at me and I was 
kickin' myself anyway and moved the wrong knight! 
:(}  Nc6 {Well, Belive it or not, I was talking on 
the phone and I moved my Bishop to d2 instead od 
d7!}  7.O-O-O {Makein' a move, and checkin' it 
twice.....}  Nf6 8.Nc3 Ng4 9.Nxe4 {Giveing the 
pawn back - your generous... Thancks I think, 
unless I have missed something else?}  Nf6 {My 
mistake again! I ment to move the other Knight to 
b4. I better start paying better attention!!!}  
10.Nxf6+ {This game is full of the largest 
mistakes going.  It is like Cassia is 
displeased...}  Qxf6 {Yep, I'm trying to figure 
out what I did to displease her...}  11.Nf3 {Well, 
mabve she will be appeased now and we can get on 
with our game in earnest.}  O-O {Sounds good to 
me, I'll cross my fingers! :)}  12.Bd3 Rd8 13.c3 
{In light of all the mistakes you can not blame me 
for thinking you might fall for that one!  :)}  e5 
{Nope, can't blame you. I would have done the same 
thing!}  14.dxe5 Nxe5 {Nice jam I'm in here. Oh 
well, here goes nothing! :(}  15.Nxe5 {And away we 
go!}  Bf5 16.Qf4 Be6 17.Qxf6 gxf6 18.Nf3 Bxa2 
19.Be4 c6 20.Rxd8+ Rxd8 21.Rd1 Rxd1+ 22.Kxd1 h6 
23.Kd2 Bc4 24.Ke3 Kf8 25.Kd4 Be6 26.b4 Ke7 27.Nd2 
Kd6 28.c4 b6 29.f4 c5+ 30.bxc5+ bxc5+ 31.Kc3 Kc7 
32.Bd5 Kd6 33.Ne4+ Ke7 {Yes, we are tied. How 
about we keep it tied with a draw?}  34.Nxc5 
{Well, I think I am winning, I have blown better 
though!}  Bxd5 35.cxd5 Kd6 36.Kd4 h5 37.Ne4+ Ke7 
38.f5 a5 39.Kc5 a4 40.Kc6 a3 41.Nc3 h4 
42.Kc7 1-0

[Event "ACL-A078"]
[Site "www.playchess.de"]
[Date "2001.02.27"]
[Round "34"]
[White "iq160"]
[Black "Tony"]
[WhiteElo "1676"]
[BlackElo "1881"]
[PlyCount "40"]
[Result "0-1"]

1.e4 d6 {Have nice game!!}  2.Nf3 Nf6 3.Nc3 g6 
4.d4 Bg7 5.Be2 O-O 6.Be3 b6 7.Bd3 Bb7 8.Qd2 Ng4 
9.O-O-O Nxe3 10.fxe3 Nd7 11.h4 Nf6 12.e5 Ng4 
13.exd6 exd6 14.h5 Bh6 15.Rde1 Qe7 16.hxg6 {I'm 
gonna have a break for a couple of days, so long.} 
 fxg6 17.Bc4+ Kh8 18.Kb1 Rae8 19.Nd5 Qg7 20.Rh4 
Bxd5 0-1

[Event "HCL-C153"]
[Site "www.playchess.de"]
[Date "2001.02.27"]
[Round "30"]
[White "ankush2g"]
[Black "wildbill"]
[WhiteElo "1000"]
[BlackElo "1000"]
[PlyCount "45"]
[Result "1-0"]

1.e4 e5 2.Nf3 Nf6 3.d3 Bb4+ 4.Bd2 c5 5.Nxe5 O-O 
6.c3 Ba5 7.b4 cxb4 8.cxb4 Bb6 9.Nc3 Qc7 10.Nc4 d6 
11.Nb5 Qc6 12.Nbxd6 Bg4 13.Be2 Na6 14.b5 Qxb5 
15.Nxb5 Nh5 16.Bxg4 Nf4 17.Bxf4 Nb4 18.Bd6 Rfd8 
19.Bxb4 a5 20.Bc3 Rd7 21.Bxd7 Rd8 22.Qg4 f5 
23.Qxg7+ 1-0

[Event "HCL-C153"]
[Site "www.playchess.de"]
[Date "2001.02.27"]
[Round "36"]
[White "guerino"]
[Black "wildbill"]
[WhiteElo "1067"]
[BlackElo "1000"]
[PlyCount "53"]
[Result "1-0"]

1.e4 e5 2.Nf3 Nc6 3.Bb5 Bc5 4.c3 Nf6 5.O-O O-O 
6.d4 Bd6 7.Bxc6 dxc6 8.dxe5 Bg4 9.exd6 Nxe4 
10.dxc7 Qxc7 11.Re1 Rfd8 12.Qe2 Qd6 13.Be3 Rde8 
14.Rd1 Qc7 15.Nbd2 Re6 16.Nxe4 Rxe4 17.Rd2 Bxf3 
18.Qxf3 Rh4 19.h3 Rd8 20.Rad1 g6 21.R2xd8+ Kg7 
22.Bd4+ f6 23.Qxf6+ Kh6 24.Be3+ Rf4 25.Bxf4+ Qxf4 
26.Qxf4+ Kg7 27.R1d7+ 1-0

[Event "HCL-B151"]
[Site "www.playchess.de"]
[Date "2001.02.27"]
[Round "7"]
[White "Juice"]
[Black "Nils"]
[WhiteElo "1543"]
[BlackElo "1713"]
[PlyCount "40"]
[Result "0-1"]

1.e4 {Hello}  e5 2.Nf3 Nc6 {Hello}  3.Bb5 a6 
4.Bxc6 dxc6 5.Nc3 Qf6 6.d4 exd4 7.Qxd4 Qxd4 8.Nxd4 
Bb4 9.Nde2 Bg4 10.f3 Be6 11.a3 Bd6 12.Bf4 O-O-O 
13.O-O-O Ne7 14.b4 Ng6 15.Be3 Rhe8 16.f4 Bg4 17.e5 
f6 18.exd6 Rxe3 19.dxc7 Rxd1+ 20.Rxd1 
Bxe2 0-1

[Event "HCL-C155"]
[Site "www.playchess.de"]
[Date "2001.02.27"]
[Round "7"]
[White "tiberiuskirk"]
[Black "Nutz"]
[WhiteElo "1100"]
[BlackElo "1118"]
[PlyCount "44"]
[Result "0-1"]

1.e4 e6 2.d4 d5 3.Nc3 Nf6 4.Bg5 Be7 5.e5 Ne4 
6.Bxe7 Qxe7 7.Nxe4 dxe4 8.Qd2 Nc6 9.Bb5 a6 
10.Bxc6+ bxc6 11.O-O-O O-O 12.Qe3 f5 13.f6 Qb4 
14.fxg7 Rf5 15.Qxe4 Rb5 16.b3 a5 17.Qxc6 Bb7 
18.Qxe6+ Kxg7 19.Qd7+ Kf8 20.Qxc7 Bxg2 21.Qf4+ Ke8 
22.Qe3+ Qe7 0-1

[Event "HCL-B155"]
[Site "www.playchess.de"]
[Date "2001.02.27"]
[Round "12"]
[White "Bauernopfer"]
[Black "awadd"]
[WhiteElo "1314"]
[BlackElo "1200"]
[PlyCount "45"]
[Result "1-0"]

1.e4 c5 2.Nf3 d6 3.Bb5+ Bd7 4.Bxd7+ Nxd7 5.O-O 
{Don´t forget to move against the other opponents. 
(example: Westqualmer)}  g6 6.d3 {or Yoghibear}  
Bg7 7.c3 Ne5 8.Bf4 {.}  Nxf3+ 9.Qxf3 {Hi guy, you 
lost most of your games by time. Why?}  e6 10.Nd2 
Ne7 11.Nc4 {.}  Nc8 12.Rad1 Nb6 13.Nxd6+ Ke7 {good 
move did not see it coming}  14.Nxb7 Qd7 15.Nxc5 
Qb5 16.Nb3 Na4 17.Rd2 Rhd8 18.Nd4 Bxd4 19.cxd4 
Rxd4 20.b3 Nc5 21.Bg5+ Kf8 22.Qf6 Rxe4 
23.Qh8+ 1-0

[Event "HCL-A071"]
[Site "www.playchess.de"]
[Date "2001.02.27"]
[Round "13"]
[White "BerndS"]
[Black "Spiridonas"]
[WhiteElo "1736"]
[BlackElo "1592"]
[PlyCount "52"]
[Result "1/2-1/2"]

1.d4 Nf6 2.c4 g6 3.Nc3 Bg7 4.e4 d6 5.h3 O-O 6.Bg5 
e5 7.dxe5 dxe5 8.Qxd8 Rxd8 9.Nd5 Rxd5 10.exd5 c6 
11.O-O-O Ne4 12.Be3 cxd5 13.cxd5 Nd7 14.Nf3 Ndc5 
15.g4 f5 16.gxf5 Bxf5 17.b3 Rc8 18.Kb2 b6 19.Rc1 
Nd6 20.Bxc5 bxc5 21.Nh4 Be4 22.Bg2 Bd3 23.Bf1 
{j'adoube :)}  e4+ {too late, I think :)}  24.Ka3 
{we'll see :)}  Nb5+ 25.Ka4 Nc3+ 26.Ka3 {too late, 
indeed}  Nb5+ 1/2-1/2

[Event "HCL-E023"]
[Site "www.playchess.de"]
[Date "2001.02.27"]
[Round "9"]
[White "Merscheid"]
[Black "Chris"]
[WhiteElo "2289"]
[BlackElo "2117"]
[PlyCount "55"]
[Result "1-0"]

1.e4 e6 2.Nf3 d5 3.e5 c5 4.c3 Nc6 5.Be2 Bd7 6.O-O 
Nge7 7.d4 Nf5 8.dxc5 Bxc5 9.Bd3 g6 10.Bg5 Qc7 
11.Bf6 Rg8 12.Qe2 Be7 13.Bxe7 Kxe7 14.Na3 a6 
15.Rad1 b5 16.Rfe1 Rac8 17.Qd2 Na5 18.g4 Ng7 
19.Qh6 Nc4 20.Bxc4 bxc4 21.Ng5 Ne8 22.Nxh7 Ba4 
23.Rd4 Qb6 24.Qg5+ Kd7 25.Nf6+ Nxf6 26.Qxf6 Ke8 
27.Rxd5 exd5 28.Qxb6 1-0

[Event "HCL-C171"]
[Site "www.playchess.de"]
[Date "2001.02.27"]
[Round "6"]
[White "Smutje"]
[Black "King_Slayer"]
[WhiteElo "954"]
[BlackElo "1000"]
[PlyCount "52"]
[Result "0-1"]

1.e3 e5 2.Qf3 d5 3.c4 e4 4.Qf4 Bd6 5.Qxd6 {shit!}  
cxd6 {you're better off not bringing your queen 
out so early}  6.cxd5 f5 7.Bb5+ Nd7 8.b4 a6 9.Ba4 
Ngf6 10.Bb2 O-O 11.Nc3 b5 12.Bb3 Ne5 13.d4 Nd3+ 
14.Kf1 Nxb2 15.Nh3 Nd3 16.f4 Nxb4 17.a3 Qc7 18.Rc1 
Nbxd5 19.Ne2 Qa5 20.Rc6 Qxa3 21.Bc2 Nxe3+ 22.Kf2 
Nfg4+ 23.Kg3 Nxg2+ 24.Kxg2 Qf3+ 25.Kg1 Ne3 26.Nf2 
Qg2+ 0-1

[Event "HCL-C170"]
[Site "www.playchess.de"]
[Date "2001.02.27"]
[Round "21"]
[White "dakini"]
[Black "Trodat"]
[WhiteElo "1432"]
[BlackElo "1000"]
[PlyCount "86"]
[Result "0-1"]

1.e4 e5 2.f4 exf4 3.Nf3 Nf6 4.Nc3 d5 5.exd5 Nxd5 
6.Bc4 Be6 7.O-O Bb4 8.Nxd5 Bc5+ 9.d4 Bxd5 10.dxc5 
Bxc4 11.Re1+ Be6 12.Qe2 O-O 13.Bxf4 Nc6 14.Rad1 
Qe7 15.Qe3 Rad8 16.a3 Rxd1 17.Rxd1 Rd8 18.Rxd8+ 
Qxd8 19.h3 Ne7 20.Qe4 b5 21.Qb7 Bd5 22.Qxa7 Bxf3 
23.gxf3 Qd1+ 24.Kf2 Qxc2+ 25.Ke1 Qb1+ 26.Kd2 Qxb2+ 
27.Kd1 Qb3+ 28.Ke1 Qe6+ 29.Kf2 c6 30.Bd6 Nc8 
31.Qc7 Qe8 32.f4 g6 33.Be5 Ne7 34.Qd6 Nd5 35.f5 f6 
36.Bxf6 Qe3+ 37.Kf1 Qxh3+ {du kannst ja noch immer 
nicht schachspielen!}  38.Ke1 {Habe ich ein Matt 
übersehen? Sonst gehts Dir gut?}  Qxf5 {seit wann 
bist du so unfreundlich zu mir? warst ja eindeutig 
im vorteil!}  39.Bd4 {War überhaupt nicht 
unfreudlich gedacht. Sorry. Nun bin ich eindeutig 
im Nachteil :-))}  Qe4+ {jaja, hat die sauna also 
nix genützt bei dir!}  40.Kf1 {Bingo und liebe 
Grüße!}  Qxd4 {werd ich gerne ausrichten!}  
41.Qd8+ {Ich versuche nochmal Dauerschach zu geben 
...}  Kg7 42.Qd7+ Kh6 {scherzknochen!}  43.Qh3+ 
Kg5 0-1

[Event "HCL-B168"]
[Site "www.playchess.de"]
[Date "2001.02.27"]
[Round "8"]
[White "adamant"]
[Black "pird"]
[WhiteElo "885"]
[BlackElo "1498"]
[PlyCount "82"]
[Result "0-1"]

1.c4 f5 2.Nc3 Nf6 3.d4 g6 4.Nf3 Bg7 5.Bg5 O-O 
6.Qd2 d6 7.e3 Qe8 8.Bd3 e5 9.c5 e4 10.Bc4+ Kh8 
11.Nh4 dxc5 12.d5 Nfd7 13.O-O h6 14.Bf4 g5 15.Bxc7 
gxh4 16.Rad1 Qg6 17.Ne2 Be5 18.Nf4 Bxf4 19.Bxf4 
Nf6 20.Qc3 Nbd7 21.Kh1 Kh7 22.Bb5 a6 23.Bxd7 Nxd7 
24.Rfg1 b5 25.a3 c4 26.Qd4 Qf6 27.Qd2 Nc5 28.h3 
Nd3 29.Qe2 Bb7 30.d6 Rfg8 31.g3 hxg3 32.fxg3 Qxb2 
33.Rde1 Qxa3 34.Qh5 Rg6 35.g4 Nxf4 36.exf4 Qf3+ 
37.Rg2 e3 38.Ree2 Qxe2 39.Qxg6+ Kxg6 40.gxf5+ Kxf5 
41.d7 {good game see you in the next tmnt.}  
Qxg2+ 0-1

[Event "HCL-B169"]
[Site "www.playchess.de"]
[Date "2001.02.27"]
[Round "3"]
[White "SailorMoon"]
[Black "Yogibear"]
[WhiteElo "1200"]
[BlackElo "1890"]
[PlyCount "48"]
[Result "0-1"]

1.e4 {:-)}  c6 {Hi Lena, schön, dass du doch dabei 
bist, eine schöne Partie wünscht Jürgen}  2.e5 
{ich spiele nicht so gut... es wird wahrscheinlich 
nur mir spass machen ;-)}  d5 {Schach soll ja auch 
nur einfach Spass machen! Je mehr du spielst, 
desto besser wirst du. Gruß Jürgen}  3.f4 {spielst 
du in einem Schachverein oder sowas?}  e6 {nö,bin 
reiner Laienspieler,wie lange spielst du schon 
Schach?Gruß Jürgen}  4.d4 {ich habe schach vor 2 
jahren kennengelernt, aber intensiv spiele ich 
seit halbem jahr. und du?}  c5 {spiele seit ewigen 
Zeiten Schach, ist eines meiner Hobbies! Soll dich 
aber nicht erschrecken!}  5.c3 {erschrickt mich 
auch nicht. verlieren ist auch siegen (lernen 
meine ich damit) :-)}  Nc6 {vernünftige 
Einstellung! Gerade von verlorenen Partien 
profietiert man.Aber schaun wir mal!}  6.Nf3 {ok. 
manchmal sehe ich die einleuchtendesten dinge 
nicht. lach nicht, ok? :-)}  Qb6 {^geht aber jedem 
so,schach ist eben ein kompliziertes spiel,da kann 
man nicht immer allessehen!}  7.g3 {hm...ich habe 
gerade gemerkt,dass ich null im schach bin.habe 
gerade viele partien verloren :-(}  cxd4 {nicht 
traurig sein, die nächste gewonnene Partie kommt 
bestimmt!}  8.cxd4 {bestimmt nicht. ich merke 
immer wieder, auf dieselbe geschichte 
reinzufallen... :-)}  Nge7 {ein tipp: einfach die 
selbe geschichte beim gegner anwenden!Gruß Jürgen} 
 9.b3 {:-) ich fühle mich aber als angegriffene 
ganz anders als angreiferin.ich bin nicht agressiv 
genug...}  Nf5 {irgendwie hab ich das Gefühl, du 
willst mich bloss in Sicherheit wiegen! Gruss 
Jürgen}  10.Nc3 {wenn du meinst. aber ich bin kein 
psycho-spieler... bin fair! :-) wirklich! (dafür 
aber schlecht)}  Bb4 {bis jetzt hältst du dich 
doch noch ganz gut! Gruß!}  11.Bd2 {zufall. :-)}  
Ne3 12.Qb1 {wieder eine gabel... ich werde bald 
mit chinesischen stäbchen essen lernen! Gruß 
zurück!}  Nxd4 13.Nxd4 {ganz gut für eine 
anfängerin??? ja. aber dein pferdezoo macht mir 
sorgen. bald bin ich alle... :-)}  Qxd4 {wie recht 
du hast! Jetzt wird es schwierig!!}  14.Qc1 
{gefahr!gefahr!gefahr! ich sehe rot! alarm! :-)}  
Ng4 {Alarmstufe rot!!}  15.Rb1 {und was soll ich 
jetzt bitteschön machen?}  Bxc3 {hmmm....wüsste 
ich an deiner stelle auch nicht so recht.}  
16.Bxc3 {schon sooo verloren, meine stellung?}  
Qf2+ {vielleicht findest du noch was?}  17.Kd1 
{ich denke, nicht. ich denke nicht. :-)}  Ne3+ 
{wünsche ein schönes Wochenende!}  18.Qxe3 
{hahaha! mit so einem zug, sicherlich!}  Qxe3 
{sorry!}  19.Kc2 {quatsch! kannst dich doch nicht 
für deine züge entschuldigen! ist nur, weil es 
ironisch klang...}  Bd7 {war auch 
ironisch,hoffe,du verlierst nicht den Spass! Gruß} 
 20.a4 {tue ich nicht. hey, du hast gerade eben 
gezogen! :-)}  Rc8 {so spät noch wach? Hast 
bestimmt Big Brother geschaut? Jürgen}  21.Bc4 
{nö! ich schaue doch nicht son kinderkram! ;-)}  
dxc4 {das wollt ich hören! Schachspielen ist nun 
mal interessanter!}  22.Rbc1 {:-)also,war das ein 
geschickter zug,dem ich geschickt ausgewichen 
bin?;-)leider nicht im echten scha}  Qe2+ {macht 
mir die Arbeit schwerer!}  23.Kb1 {das meine ich 
nicht... hast mich wahrscheinlich falsch 
verstanden? was magst du für musikart? :-)}  cxb3 
{mag eigentlich fast alles,bis auf Techno,aber am 
liebsten höre ich Blackmusic. Und du?}  24.h4 {ich 
höre gerne klassik, aber bin auch ein kleiner fan 
von den prinzen, kennst du sie?}  
Qa2+ 0-1

[Event "ACL-A092"]
[Site "www.playchess.de"]
[Date "2001.02.27"]
[Round "2"]
[White "HAWAIIANhost"]
[Black "Yogibear"]
[WhiteElo "1500"]
[BlackElo "1768"]
[PlyCount "24"]
[Result "0-1"]

1.Nf3 {hi yogi}  Nf6 {Hi my friend,have a nice 
game!}  2.d4 b6 3.Qd3 Bb7 4.Nc3 e6 5.e4 Bb4 6.Bg5 
h6 7.Bd2 Bxc3 8.Bxc3 Bxe4 9.Qb5 Bxc2 10.Rc1 a6 
11.Qe5 Nc6 12.Qg3 Bg6 0-1

[Event "ACL-A092"]
[Site "www.playchess.de"]
[Date "2001.02.27"]
[Round "5"]
[White "jjbranc"]
[Black "Smutje"]
[WhiteElo "1500"]
[BlackElo "1114"]
[PlyCount "71"]
[Result "1-0"]

1.e4 e5 2.d3 c6 3.Nf3 Qf6 4.Bg5 Qg6 5.Nc3 f6 6.Be3 
Qf7 7.Nh4 g5 8.Nf5 b5 9.a3 a5 10.d4 b4 11.axb4 h5 
12.dxe5 h4 13.Nd6+ Bxd6 14.exd6 Na6 15.b5 cxb5 
16.Nxb5 h3 17.g3 Rb8 18.Be2 Bb7 19.O-O Bxe4 
20.Rxa5 Nb4 21.Nc7+ Kf8 22.Bd3 Bc6 23.Bf5 Nh6 
24.Bxh3 Qg6 25.Ne6+ Kf7 26.Nd4 Bb7 27.Re1 Qe4 
28.Nf3 g4 29.Bg2 {nice move.}  Nf5 30.Bc5 Nh4 
31.Rxe4 Bxe4 32.Nxh4 Bxc2 33.Qxg4 Nc6 34.Qxd7+ Ne7 
35.Qxe7+ Kg8 36.Bd5+ 1-0

[Event "HCL-C174"]
[Site "www.playchess.de"]
[Date "2001.02.27"]
[Round "18"]
[White "WindsorStar"]
[Black "Pietros"]
[WhiteElo "797"]
[BlackElo "1372"]
[PlyCount "62"]
[Result "0-1"]

1.Nf3 Nc6 2.a3 e5 3.e4 Nf6 4.h3 Bc5 5.b4 Bb6 6.Qe2 
a5 7.b5 Nd4 8.Nxd4 Bxd4 9.c3 Bc5 10.Qf3 b6 11.Qg3 
O-O 12.d3 Nh5 13.Qg4 Qf6 14.Be3 Bxe3 15.fxe3 g6 
16.Be2 d6 17.Rf1 Bxg4 18.Rxf6 Nxf6 19.hxg4 h5 
20.gxh5 gxh5 21.Nd2 d5 22.O-O-O dxe4 23.dxe4 Kg7 
24.Rg1 Rac8 25.g4 hxg4 26.Bxg4 Nxg4 27.Rxg4+ Kf6 
28.Nc4 Rfg8 29.Rh4 Rgh8 30.Rg4 Rh1+ 31.Kd2 
Rh2+ 0-1

[Event "HCL-B174"]
[Site "www.playchess.de"]
[Date "2001.02.27"]
[Round "1"]
[White "mladsir"]
[Black "Whatever"]
[WhiteElo "821"]
[BlackElo "1500"]
[PlyCount "40"]
[Result "0-1"]

1.e4 c5 2.Nf3 Nc6 3.d4 cxd4 4.Nxd4 g6 5.Be2 Bg7 
6.Be3 Nf6 7.Nc3 O-O 8.Qd2 d5 9.exd5 Nxd5 10.Nxc6 
bxc6 11.Bd4 e5 12.Bc5 Re8 13.O-O-O Be6 14.Bf3 Nxc3 
15.Qxc3 Bd5 16.Qb4 e4 17.Be2 Rb8 18.Qe1 Bxb2+ 
19.Kd2 Qa5+ 20.Ke3 Qxc5+ 0-1

[Event "HCL-A075"]
[Site "www.playchess.de"]
[Date "2001.02.27"]
[Round "2"]
[White "Guano"]
[Black "Sd_68"]
[WhiteElo "1700"]
[BlackElo "1748"]
[PlyCount "22"]
[Result "0-1"]

1.e4 {good luck.. i'm 15 male from belgium... +- 
1850 rated}  d6 {Same to u. I am 32 Male rated 
1750 OTB and 1820 corr}  2.d4 {are you from 
austria?}  Nf6 {No I am from Lebanon}  3.Nc3 g6 
4.f4 Bg7 5.Nf3 O-O 6.Be3 c6 7.Bd3 Ng4 8.Bg1 e5 
9.h3 exd4 10.hxg4 dxc3 11.Ng5 h6 0-1

[Event "ACL-A093"]
[Site "www.playchess.de"]
[Date "2001.02.27"]
[Round "13"]
[White "Scaleo"]
[Black "King_Kong"]
[WhiteElo "1500"]
[BlackElo "1500"]
[PlyCount "25"]
[Result "1-0"]

1.e4 {.}  a5 2.d4 b6 {hahahahahaha}  3.c4 Nc6 4.f4 
d6 5.Nc3 Nb4 6.a3 Nc6 7.d5 Na7 8.Nf3 Bg4 9.h3 Bxf3 
10.Qxf3 Qd7 11.b4 f5 12.e5 {hahahahahahahahahahahahahahahahahahahahahahahahahahahahahahahahahahahahahahahah} 
 dxe5 13.fxe5 {i win}  1-0

[Event "HCL-C180"]
[Site "www.playchess.de"]
[Date "2001.02.27"]
[Round "2"]
[White "Fiver"]
[Black "dg"]
[WhiteElo "1005"]
[BlackElo "1085"]
[PlyCount "90"]
[Result "1/2-1/2"]

1.e4 {Hello}  e5 2.Nf3 Nc6 3.Bb5 d6 4.h3 Bd7 5.O-O 
Qf6 6.c3 a6 7.Ba4 b5 8.Bb3 Be6 9.Bxe6 Qxe6 10.Re1 
Nf6 11.d4 g6 12.d5 Qd7 13.dxc6 Qxc6 14.Ng5 h6 
15.Qf3 Be7 16.Nxf7 Kxf7 17.Na3 Kg7 18.Nc2 Qb6 
19.Be3 Qc6 20.Nb4 Qb7 21.Rad1 Rab8 22.Nd5 Nxd5 
23.exd5 Rbf8 24.Qe4 Rf7 25.b3 Rhf8 26.g3 Bg5 
27.Ref1 Qc8 28.h4 Bxe3 29.fxe3 Qh3 30.Qg2 R7xf1+ 
31.Rxf1 Qxg2+ 32.Kxg2 Rxf1 33.Kxf1 Kf6 34.e4 g5 
35.Kf2 g4 36.Ke2 Ke7 37.Kd3 Kd7 38.c4 c6 39.Kc3 
cxd5 40.cxb5 {I shall be away from later today 
until Sunday afternoon so probably will not play 
again until Monday}  axb5 41.exd5 Kc7 42.a4 Kb6 
43.Kd3 Kc5 44.Ke4 bxa4 45.bxa4 
h5 1/2-1/2

[Event "HCL-C179"]
[Site "www.playchess.de"]
[Date "2001.02.27"]
[Round "8"]
[White "patzer"]
[Black "urga3"]
[WhiteElo "1115"]
[BlackElo "1000"]
[PlyCount "70"]
[Result "0-1"]

1.e4 {Viel Spaß!}  Nc6 {mach keinen patzer}  2.Nf3 
{Da wird leider nichts draus...}  d6 {ich patz 
auch..}  3.Be2 {Aber so schlecht wie ich ist 
niemand :)}  Nf6 {so schlimm wirds nicht sein}  
4.Nc3 g6 5.O-O Bg7 {gib gas patzer}  6.d4 O-O 7.d5 
Ne5 8.Nxe5 dxe5 9.h3 c6 10.dxc6 bxc6 11.Qxd8 Rxd8 
12.Rd1 Rxd1+ 13.Nxd1 Nxe4 14.Bf3 Bf5 15.Bxe4 Bxe4 
16.c3 Rd8 17.Be3 Bc2 18.Bxa7 Rxd1+ 19.Rxd1 Bxd1 
20.Bc5 e6 21.Kf1 Bc2 22.b3 e4 23.Bd4 Bxd4 24.cxd4 
Kg7 25.Ke2 Kf6 26.Kd2 Bd3 27.a4 Ke7 28.b4 Kd6 
29.Kc3 Kd5 30.a5 f5 31.f3 h5 32.h4 e5 33.dxe5 Kxe5 
34.Kd2 Kf4 35.Ke1 Kg3 0-1

[Event "HCL-C176"]
[Site "www.playchess.de"]
[Date "2001.02.27"]
[Round "18"]
[White "patzer"]
[Black "kec0594"]
[WhiteElo "715"]
[BlackElo "1000"]
[PlyCount "37"]
[Result "1-0"]

1.e4 e5 2.f4 Nf6 3.Bc4 exf4 4.Nc3 c6 5.d4 b5 6.Bb3 
a5 7.Bxf4 a4 8.Bxb8 axb3 9.axb3 Rxb8 10.Nf3 b4 
11.Ne2 Nxe4 12.O-O f6 13.c4 bxc3 14.Nxc3 d5 15.Ne5 
Nxc3 16.bxc3 fxe5 17.Qh5+ Ke7 18.Rf7+ Kd6 
19.Qxe5+ 1-0

[Event "ACL-A095"]
[Site "www.playchess.de"]
[Date "2001.02.27"]
[Round "16"]
[White "chessnut"]
[Black "vishnawathen"]
[WhiteElo "1501"]
[BlackElo "1500"]
[PlyCount "39"]
[Result "1-0"]

1.c4 e5 2.g3 Nc6 3.Bg2 Na5 4.d3 Nf6 5.Nf3 Ng4 6.h3 
Nf6 7.Nxe5 Bd6 8.Nf3 b6 9.e4 O-O 10.e5 Qe7 11.O-O 
Bxe5 12.Nxe5 Bb7 13.Re1 Bxg2 14.Kxg2 d6 15.Ng4 Qd7 
16.Nxf6+ gxf6 17.Nc3 Qc6+ 18.Nd5 b5 19.Qf3 Qd7 
20.Nxf6+ 1-0

[Event "HCL-E024"]
[Site "www.playchess.de"]
[Date "2001.02.27"]
[Round "2"]
[White "peze2"]
[Black "MarkusSSG"]
[WhiteElo "2294"]
[BlackElo "2347"]
[PlyCount "53"]
[Result "1/2-1/2"]

1.e4 {Hallo Markus, auf ein Neues! Viel Glück!}  
c6 {Dir auch viel Glück Gruss Markus}  2.d4 d5 
3.Nd2 dxe4 4.Nxe4 Bf5 5.Ng3 Bg6 6.h4 h6 7.Nf3 Nd7 
8.h5 Bh7 9.Bd3 Bxd3 10.Qxd3 e6 11.Bd2 Ngf6 
12.O-O-O Qc7 13.Ne4 O-O-O 14.g3 Nc5 15.Nxc5 Bxc5 
16.c4 Rhe8 17.Kb1 Bd6 18.Bc3 Rd7 19.Qe2 Red8 20.d5 
exd5 21.Bxf6 gxf6 22.cxd5 Bc5 23.dxc6 R7xd1+ 
24.Rxd1 Rxd1+ 25.Qxd1 Qxc6 26.Qe2 Qd5 27.Nd2 
{Hallo Markus! Ich sehe in dieser Partie für beide 
Seiten nichts mehr.}  1/2-1/2

[Event "HCL-C187"]
[Site "www.playchess.de"]
[Date "2001.02.27"]
[Round "7"]
[White "sonnyspock"]
[Black "dg"]
[WhiteElo "1139"]
[BlackElo "1086"]
[PlyCount "28"]
[Result "0-1"]

1.e4 e5 2.Nf3 Nc6 3.Bc4 Nf6 4.Ng5 d5 5.exd5 Nxd5 
6.d4 h6 7.Nxf7 Kxf7 8.Qf3+ Ke6 9.Nc3 Bb4 10.Bxd5+ 
Kd6 11.Bd2 Nxd4 12.Qe4 c6 13.Bb3 Bf5 14.Qd5+ 
cxd5 0-1

[Event "ACL-A096"]
[Site "www.playchess.de"]
[Date "2001.02.27"]
[Round "11"]
[White "bj2000de"]
[Black "daniela"]
[WhiteElo "1500"]
[BlackElo "1500"]
[PlyCount "51"]
[Result "1-0"]

1.e4 e6 {hallo, ich hoffe auf ein interessantes 
Spiel}  2.d4 d5 3.Nc3 {ja, das wird spanend}  Bb4 
{Wie oft bist du online?}  4.Nge2 dxe4 5.a3 Bxc3+ 
6.Nxc3 Nc6 7.Bb5 {fast jede Abend}  Bd7 {ich auch, 
aber am Wochenende mitunter auch mal nicht}  
8.Nxe4 Nf6 9.Bg5 a6 10.Bc4 Qe7 {Spielst du diese 
Variante häufiger? Ich hatte sie noch nie auf dem 
Brett.}  11.c3 Na5 12.Bd3 {nur selten}  Bc6 {Gute 
Nacht!}  13.O-O Nc4 {Bis Sonntag Abend oder Montag 
Vormittag!}  14.Nxf6+ gxf6 15.Bc1 Nd6 16.c4 Rg8 
17.d5 Bd7 {Es ist ja gar nicht so einfach mit 
dir!*G*}  18.c5 Nb5 19.a4 Na7 20.Bxh7 Rg7 21.d6 
cxd6 22.Bh6 Rg5 23.cxd6 Qd8 24.Bxg5 fxg5 25.Qd4 f6 
26.Qe4 1-0

[Event "ACL-A085"]
[Site "www.playchess.de"]
[Date "2001.02.27"]
[Round "1"]
[White "serpens"]
[Black "kvdc007"]
[WhiteElo "1500"]
[BlackElo "1500"]
[PlyCount "22"]
[Result "0-1"]

1.e4 e5 2.Nf3 Nc6 3.Bc4 Bc5 4.O-O Nf6 5.d4 Bxd4 
{hi}  6.Nxd4 {hello!}  Nxd4 7.Bg5 Qe7 8.f4 Qc5 
9.fxe5 Nxc2+ {i think that f4 was a terrible move 
that will cost you the game}  10.Rf2 Nxa1 11.Bb3 
Nxe4 0-1